| 000 | 00952nam a2200265Ia 4500 | ||
|---|---|---|---|
| 003 | OSt | ||
| 005 | 20221005111922.0 | ||
| 006 | a|||||r|||| 00| 0 | ||
| 007 | ta | ||
| 008 | 221004b |||||||| |||| 00| 0 san d | ||
| 020 |
_a9788170804819 (hbk) _cINR 925.00 |
||
| 024 | _a34815 | ||
| 037 |
_b134, 14/09/2017, Eastern Book Linkers _cTextual |
||
| 040 |
_aCRL _cCRL _bsan |
||
| 041 |
_2san _asan |
||
| 082 | _aR641x4,1, 152Q7 | ||
| 100 | _aसन्ध्या, संपा. | ||
| 245 | 0 | _aब्रह्मसिद्धिः | |
| 246 | _aBrahmasiddhiah | ||
| 260 |
_aवाराणसी _bचौखम्बा संस्कृत सीरीज आफिस भारत _c2017 |
||
| 300 |
_a987पृ0 _ccm. |
||
| 650 | _aदर्शनशास्त्र | ||
| 942 |
_hR641x4,1, 152Q7 _cTEXL _2cc |
||
| 999 |
_c1023298 _d1023298 |
||